000 01684nam a2200241Ia 4500
008 260220t1969||||xx |||||||||||||| ||spa||
040 _aPY-SlUNAC
_bspa
_erda
041 _aspa
082 _a545
_bAn13a
245 0 _aAnálisis químico cuantitativo
250 _aCuarta edición
264 _aBuenos Aires :
_bNigar,
_c℗1969.
300 _a1 volumen
520 _a"Análisis químico cuantitativo" es una obra fundamental publicada en 1969 por Nigar, que aborda los principios y métodos del análisis químico con un enfoque en la cuantificación de sustancias. El libro se estructura en varios capítulos que explican las técnicas analíticas, incluyendo gravimetría, volumetría y métodos instrumental, proporcionando una base sólida para entender los procedimientos utilizados en la determinación precisa de componentes químicos en diversas muestras. A lo largo de la obra, se enfatiza la importancia de la exactitud y la precisión en los resultados, así como la necesidad de un manejo adecuado de reactivos y equipos de laboratorio. Además, se presentan ejemplos prácticos y ejercicios que facilitan la comprensión de los conceptos teóricos, convirtiéndolo en un recurso valioso tanto para estudiantes como para profesionales en el campo de la química. En resumen, el texto combina teoría y práctica, convirtiéndose en una referencia esencial para el análisis cuantitativo en química.
653 _aAnálisis químico
653 _aMétodos de análisis
653 _aQuímica
942 _b2026/02/17
_cBK
999 _c7912
_d7912